Two-Dimensional Signal and Image Processing (Record no. 24094)
[ view plain ]
| 000 -LEADER | |
|---|---|
| fixed length control field | 00204nam a22000737a 4500 |
| 001 - CONTROL NUMBER | |
| control field | 8933068 |
| 003 - CONTROL NUMBER IDENTIFIER | |
| control field | Nust |
| 005 - DATE AND TIME OF LATEST TRANSACTION | |
| control field | 20170515171428.0 |
| 008 - FIXED-LENGTH DATA ELEMENTS--GENERAL INFORMATION | |
| fixed length control field | 140507b xxu||||| |||| 00| 0 eng d |
| 020 ## - INTERNATIONAL STANDARD BOOK NUMBER | |
| Terms of availability | Available |
| International Standard Book Number | 0139353224 |
| 040 ## - CATALOGING SOURCE | |
| Original cataloging agency | DLC |
| Language of cataloging | DLC |
| Transcribing agency | RCMS |
| 082 ## - DEWEY DECIMAL CLASSIFICATION NUMBER | |
| Classification number | 621.3822 LIM |
| 100 ## - MAIN ENTRY--PERSONAL NAME | |
| Personal name | Lim Jae S |
| 9 (RLIN) | 778 |
| 245 ## - TITLE STATEMENT | |
| Title | Two-Dimensional Signal and Image Processing |
| 260 ## - PUBLICATION, DISTRIBUTION, ETC. | |
| Place of publication, distribution, etc. | New Jersey |
| Name of publisher, distributor, etc. | Prentice Hall |
| Date of publication, distribution, etc. | c1990 |
| 300 ## - PHYSICAL DESCRIPTION | |
| Extent | xvi,694,p: |
| Other physical details | ill: |
| Dimensions | 26,cm: |
| 538 ## - SYSTEM DETAILS NOTE | |
| Display text | Shelf # 15, Row # 4, Communication. |
| 650 ## - SUBJECT ADDED ENTRY--TOPICAL TERM | |
| Topical term or geographic name entry element | 1.Signal processing----- Digital techniques 2. Image processing----- Digital techniques |
| 9 (RLIN) | 287 |
| 856 ## - ELECTRONIC LOCATION AND ACCESS | |
| Materials specified | Table of Content Only |
| 942 ## - ADDED ENTRY ELEMENTS (KOHA) | |
| Source of classification or shelving scheme | |
| Koha item type | Book |
| Withdrawn status | Lost status | Source of classification or shelving scheme | Damaged status | Not for loan | Permanent Location | Current Location | Shelving location | Date acquired | Total Checkouts | Full call number | Barcode | Date last seen | Price effective from | Koha item type |
|---|---|---|---|---|---|---|---|---|---|---|---|---|---|---|
| School of Interdisciplinary Engineering and Sciences (SINES) | School of Interdisciplinary Engineering and Sciences (SINES) | General Stacks | 05/07/2014 | 621.38LIM | RCMS000628 | 05/07/2014 | 05/07/2014 | Book |
